Provincias aleatorias de España en un mapa - Estadísticas

Estadísticas generales
  • Esta prueba ha sido intentada 7.417 veces
  • La puntuación promedio es 13 de 15
Respuestas en el mapa
Las respuestas están codificadas por una escala verde-roja en el mapa de la prueba según el % correcto abajo.
 
Estadísticas de respuestas
Provincia % Correcto
Madrid
98%
Barcelona
97%
Sevilla
97%
Valencia
97%
Asturias
95%
Cádiz
95%
Murcia
95%
Islas Baleares
94%
Málaga
94%
Gerona
93%
Alicante
92%
Granada
92%
Badajoz
91%
Huelva
91%
Tarragona
91%
Zaragoza
91%
Almería
90%
Cantabria
90%
Castellón
90%
La Coruña
90%
León
90%
Cáceres
89%
Jaén
89%
Lérida
89%
Lugo
89%
Toledo
89%
Córdoba
88%
Navarra
88%
Pontevedra
88%
Huesca
87%
La Rioja
87%
Santa Cruz de Tenerife
87%
Ciudad Real
86%
Orense
86%
Albacete
85%
Las Palmas
84%
Teruel
84%
Palencia
83%
Valladolid
83%
Burgos
82%
Cuenca
82%
Salamanca
82%
Guadalajara
80%
Segovia
80%
Zamora
80%
Álava
79%
Ávila
78%
Guipúzcoa
78%
Soria
77%
Vizcaya
76%
No se encontraron pruebas coincidentes
Distribución de puntuación
Porcentaje de gente con cada puntuación
Porcentaje por número respondido
Historial de tus puntuaciones
No has intentado esta prueba.